Регионална библиотека "Любен Каравелов" - Русе

Справочник по акупунктура (Запис номер 69476)

MARC детайли
000 -Лидер
Контролно поле с фиксирана дължина 01793nam a2200361 c 4500
003 - Код на организацията, давaща контролен номер
Контролно поле BLK
005 - Дата и час на последна редакция
Контролно поле 20180420223701.0
008 - Елементи от данни с фиксирана дължина
fixed length control field 180408b bul|||||r ||||||| ||bul||
010 ## - Наследен системен номер
LC control number KNG00073823000
020 ## - Международен стандартен номер на книга ISBN
Международен стандартен номер на книга ISBN 954-507-195-8
-- издат.: Гуторанов и син
040 ## - Източник на каталожния запис
Идентификатор на билиотеката - собственик на записа BLK
041 ## - Код за език
Код за езика на текст/звукозапис или на отделно заглавие Български
Код за езика КДБФ Български
080 ## - УДК
Текстов определител УДК Механично действащи средства - Използване на дразнещи кожата средства за лечение:пиявици, акупунктура, пчелно ожилване, изкуствено дишане, реанимация, сърдечен масаж, пейсмейкъри
УДК код - определител по УДК 615.81
УДК определител (035)
УДК - код + определител 615.81(035)
100 1# - Редна дума - Автор
Автор Гуторанов, Георги Георгиев
Авторска отговорност първи автор
R(LIN) 253696
139 ## - Редно поле
Редна дума Гуторанов, Георги Георгиев
Авторски знак Гут - Г 94
245 10 - Сведения за заглавието
Заглавие Справочник по акупунктура
Редно поле (дума) Георги Георгиев Гуторанов.
250 ## - Област на изданието
Сведения за изданието 3. прераб. и доп. изд.
257 ## - Страна на издаване
Страна на създаване/издаване България
260 ## - Област на издателските данни
-- София
Име на издателя, разпространителя и проч. Гуторанов и син
Година на издаване 2007
300 ## - Физическа характеристика
Страници 280 с.
Размери/Мащаб 24 см
380 ## - Жанр
Жанр Медицина
500 ## - Общи забележки
Забележка 1. изд. 1991 на ПУ Паисий Хилендарски. - Библиогр. с. 269-280. Прил. : Атлас на всички акупунктурни точки с транскрибция на български език - 3 л. - 64Х33 см.
504 ## - Забележка за наличие на библиография и др
Забележка за наличие на библиография и под. 269-280
650 #4 - Допълнително описание по предмет – тема
Основно описание – тема или топоним Акупунктура
9 (RLIN) 146681
650 #4 - Допълнително описание по предмет – тема
Основно описание – тема или топоним Болести - лечение - справочници
9 (RLIN) 253697
653 ## - Ключова дума – ненормативна
Ключова дума акупунктура
653 ## - Ключова дума – ненормативна
Ключова дума справочници
852 ## - Местоположение
Форматна сигнатура Цб 233007
856 4# - Електронен адрес и достъп
Електронен формат pdf - файл
Път до файла /url/
856 4# - Електронен адрес и достъп
Електронен формат pdf - файл
Път до файла /url/
942 ## - АРТИКУЛИ
Вид на библиотечния материал Книги
Скрит в OPAC Не
944 ## - СЪЗДАВАНЕ И РЕДАКЦИЯ на ЗАПИСА
Създаване/Редакция Създаване
Дата на регистрацията/редакция 05.04.2007
Служител, извършил регистрацията/редакцията Кети_Илиева
944 ## - СЪЗДАВАНЕ И РЕДАКЦИЯ на ЗАПИСА
Създаване/Редакция Редакция
Дата на регистрацията/редакция 25.01.2013
Служител, извършил регистрацията/редакцията
999 ## - СИСТЕМНИ КОНТРОЛНИ НОМЕРА
Koha biblionumber 69476
Koha biblioitemnumber 69476
Наличности
Код за отписване Код за изгубен артикул Код за повреда Коз за рестрикции Код за отдаване Артикулен № Име на библиотеката - собственик Име на библиотеката, в която се намира в момента Статус (Текущо местоположение) Дата на вписване в системата Местоположение - отдел Цена в лева Инвентарен номер Систематично азбучна сигнатура Баркод Номер на екземпляра Цена в евро Служебна бележка Служебен тип на артикула
  Не е изгубен Не е повреден без рестрикции ползва се в читалня 113971 Регионална библиотека "Любен Каравелов" Русе Регионална библиотека "Любен Каравелов" Русе Читалня 2007-04-05 Читалня 20.00 120000712116 Ч 615/Г 94 120000712116 1 10.23 Дост: Pk Вид: Ф N: 3179 Дата: 04.04.2007 Дата инв: 17.03.2017 Бележки инв: Ч2017 Книги
Vip Innovations Ltd, Rousse, Bulgaria 2025